Indicadores de cambio en psicoterapia de una consultante divorciada : un estudio de caso /

Estudio sobre los cambios percibidos (de conductas, pensamientos o sentimientos) en una mujer que recibió terapia a partir de las agresiones y la violencia que ejerció su expareja, incluso después del divorcio.

Guardado en:
Bibliografiske detaljer
Hovedforfatter: Figeac Shillington, Georgette (autor)
Format: Tesis Bog
Sprog:spansk
Udgivet: Guadalajara, México : edición de autor, 2022
Fag:
Online adgang:Ver documento en línea
Tags: Tilføj Tag
Ingen Tags, Vær først til at tagge denne postø!

MARC

LEADER 00000nam^a2200000^a^4500
001 000586838
005 20251023000000.0
009 20260310132759.113
037 |a Acervo ITESO - Biblioteca 
041 |a ESP 
090 |a MPS. 103 
100 |a Figeac Shillington, Georgette  |e (autor) 
245 1 0 |a Indicadores de cambio en psicoterapia de una consultante divorciada :  |b un estudio de caso /  |c G. Figeac Shillington. 
264 1 |a Guadalajara, México :  |b edición de autor,  |c 2022 
300 |a 1 tesis electrónica en línea (97 p.) 
300 |a 1 recurso en línea 
336 |a datos para computadora  |b cod  |2 rdacontenido 
337 |a computadora  |b c  |2 rdamedio 
338 |a recurso en línea  |b cr  |2 rdasoporte 
502 |a ITESO Tesis de Maestría en Psicoterapia 
520 |a Estudio sobre los cambios percibidos (de conductas, pensamientos o sentimientos) en una mujer que recibió terapia a partir de las agresiones y la violencia que ejerció su expareja, incluso después del divorcio. 
649 |a XX 
650 |a Mujeres -  |x Condiciones Psicológicas -  |x Tema Principal 
650 |a Violencia Doméstica -  |x Aspectos Psicológicos -  |x Tema Principal 
650 |a Crueldad -  |x Aspectos Psicológicos 
650 |a Divorcio -  |x Aspectos Psicológicos 
650 |a Relaciones de Pareja -  |x Aspectos Psicológicos 
650 |a Psicoterapia 
650 |a Psicología Clínica 
650 |a Psicología 
856 4 0 |u https://rei.iteso.mx/handle/11117/8276  |y Ver documento en línea 
910 |a Fondo General 
920 |a Electrónicos - Tesis del ITESO en Línea 
930 |a Repositorio Institucional 
905 |a 201 
901 |a 586838-1  |b IT2  |c ETI  |u 20250521 
902 |a https://opac.biblio.iteso.mx/vufind/Record/000586838